000 00319pab a2200133 454500
008 180718b1988 xxu||||| |||| 00| 0 eng d
100 _aPichi, Hartmut
245 _aGovernment size and public choices
260 _c1988
300 _a437-58
650 _aGovernment Service - Growth
773 _aKrklos
909 _a9435
999 _c9435
_d9435